000 00856nam a2200229Ia 4500
003 GCL
005 20240530104129.0
008 140319s9999 xx 000 0 ara d
017 _a1990/5245
_bمصر . دار الكتب
020 _a9773030012
040 _aGCL /
_cGCL
082 0 4 _a953
_bع ت
100 1 _aعبدالرحيم عبدالرحمن عبدالرحيم
245 1 0 _aتاريخ العرب الحديث والمعاصر /
_cعبدالرحيم عبدالرحمن عبدالرحيم
250 _aط5
260 _aالقاهرة :
_bدار الكتاب الجامعى ،
_c1990
300 _a399 ص ؛
_c24 سم
650 0 4 _aالحرب العالمية الاولى 1914- 1918
650 0 4 _aالعالم العربى - تاريخ - العصر العثمانى
650 0 4 _aالعالم العربى - تاريخ
942 _2ddc
_cBK
999 _c44833
_d44833